| 000 | 00587nam a2200205Ia 4500 | ||
|---|---|---|---|
| 003 | GCL | ||
| 005 | 20240530105224.0 | ||
| 008 | 140319s9999 xx 000 0 ara d | ||
| 040 |
_aGCL / _cGCL |
||
| 082 | 0 | 4 |
_a338.5 _bح ا |
| 100 | 1 | _aحمدى عبدالعظيم | |
| 245 | 1 | 0 |
_a00000000000000 _cحمدى عبدالعظيم |
| 260 |
_a[S.N] : _bالمجالس ، _c1987 |
||
| 300 | _a232 ص | ||
| 650 | 0 | 4 | _aالاقتصاد |
| 650 | 0 | 4 | _aالاقتصاد الحر |
| 650 | 0 | 4 | _aالاقتصاد الصناعى |
| 650 | 0 | 4 | _aالصناعة - اقتصاديات |
| 942 |
_2ddc _cBK |
||
| 999 |
_c54071 _d54071 |
||